[Event "Pobeskydy op"]
[Site "Frydek Mistek"]
[Date "2018.04.01"]
[Round "7"]
[White "Halacz, Martin"]
[Black "Havelka, Ondrej"]
[Result "1-0"]
[WhiteElo "1738"]
[BlackElo "2071"]
[PlyCount "57"]
[EventDate "2018.03.29"]
[EventType "swiss"]
[EventRounds "9"]
[EventCountry "CZE"]
[SourceTitle "CBM 183 Extra"]
[Source "ChessBase"]
[SourceDate "2018.04.19"]
[SourceVersion "1"]
[SourceVersionDate "2018.04.19"]
[SourceQuality "1"]

1. e4 e6 2. d4 d5 3. exd5 Qxd5 4. Nf3 Nf6 5. Be2 b6 6. c4 Qd8 7. 0-0 Bb7 8. Nc3 Nbd7 9. Bg5 Be7 10. Qc2 0-0 11. Rad1 h6 12. Be3 Qc8 13. Ne5 c5 14. Nxd7 Nxd7 15. d5 Ne5 16. f4 Ng6 17. f5 exd5 18. fxg6 d4 19. gxf7+ Rxf7 20. Rxf7 Kxf7 21. Bh5+ Kg8 22. Bxh6 dxc3 23. Bxg7 Kxg7 24. Qg6+ Kh8 25. Qh6+ Kg8 26. Bg6 Qe6 27. Qh7+ Kf8 28. Qh8+ Qg8 29. Rf1+ 1-0

[Event "Pobeskydy op"]
[Site "Frydek Mistek"]
[Date "2017.04.14"]
[Round "4"]
[White "Turcan, Richard"]
[Black "Halacz, Martin"]
[Result "1-0"]
[WhiteElo "2090"]
[BlackElo "1729"]
[PlyCount "101"]
[EventDate "2017.04.13"]
[EventType "swiss"]
[EventRounds "9"]
[EventCountry "CZE"]
[SourceTitle "CBM 177 Extra"]
[Source "ChessBase"]
[SourceDate "2017.04.27"]
[SourceVersion "1"]
[SourceVersionDate "2017.04.27"]
[SourceQuality "1"]

1. e4 e6 2. d4 d5 3. e5 c5 4. c3 Nc6 5. Nf3 cxd4 6. cxd4 Bb4+ 7. Bd2 Qb6 8. Bxb4 Qxb4+ 9. Qd2 Nge7 10. Bd3 Bd7 11. Qxb4 Nxb4 12. Kd2 Nxd3 13. Kxd3 Bb5+ 14. Kd2 Rc8 15. Nc3 Bc4 16. Rhc1 0-0 17. Rc2 Nc6 18. b3 Ba6 19. Na4 b6 20. Rac1 Ne7 21. Rxc8 Rxc8 22. Rxc8+ Bxc8 23. Ne1 f6 24. f4 Kf7 25. Nc2 g5 26. fxg5 fxe5 27. dxe5 Nc6 28. Nc3 Ba6 29. Ke3 Nxe5 30. Nb4 Bf1 31. Kd4 Nd7 32. g3 Ke7 33. h4 Kd6 34. Ke3 a5 35. Nc2 e5 36. Kf2 Bd3 37. Ne1 Bf5 38. h5 d4 39. Nb5+ Kc6 40. Na7+ Kd5 41. Nc8 Ke6 42. Nf3 Bg4 43. g6 h6 44. g7 Kf7 45. Nxb6 Bxf3 46. Nxd7 Be4 47. g8Q+ Kxg8 48. Nf6+ Kf7 49. Nxe4 Ke6 50. Kf3 Kd5 51. Nd2 1-0

[Event "Ostrava Konik op"]
[Site "Ostrava"]
[Date "2014.04.30"]
[Round "5"]
[White "Halacz, Martin"]
[Black "Kopta, Jiri"]
[Result "1/2-1/2"]
[WhiteElo "1000"]
[BlackElo "1960"]
[PlyCount "70"]
[EventDate "2014.04.26"]
[EventType "swiss"]
[EventRounds "9"]
[EventCountry "CZE"]
[SourceTitle "CBM 160 Extra"]
[Source "ChessBase"]
[SourceDate "2014.07.01"]
[SourceVersion "1"]
[SourceVersionDate "2014.07.01"]
[SourceQuality "1"]

1. e4 c5 2. f4 d5 3. exd5 Qxd5 4. Nc3 Qd8 5. Nf3 Nc6 6. Bc4 Nf6 7. 0-0 Bg4 8. d3 Nd4 9. Bxf7+ Kxf7 10. Ne5+ Kg8 11. Nxg4 h5 12. Ne5 e6 13. Ne4 Nxe4 14. dxe4 Qe8 15. c3 Nc6 16. Nf3 c4 17. Qa4 Ne5 18. Qc2 Bc5+ 19. Nd4 Nd3 20. b3 b5 21. e5 Rd8 22. Be3 g6 23. a4 a6 24. axb5 axb5 25. Ra6 Bxd4 26. Bxd4 Rxd4 27. cxd4 Nb4 28. Ra8 Qxa8 29. Qxg6+ Kf8 30. Qf6+ Kg8 31. Rf3 Qa1+ 32. Rf1 Qxd4+ 33. Kh1 Qd7 34. Qg6+ Qg7 35. Qe8+ Qf8 1/2-1/2

[Event "Ostrava Konik op"]
[Site "Ostrava"]
[Date "2014.04.28"]
[Round "3"]
[White "Halacz, Martin"]
[Black "Koci, Tomas"]
[Result "1-0"]
[WhiteElo "1000"]
[BlackElo "1710"]
[PlyCount "51"]
[EventDate "2014.04.26"]
[EventType "swiss"]
[EventRounds "9"]
[EventCountry "CZE"]
[SourceTitle "CBM 160 Extra"]
[Source "ChessBase"]
[SourceDate "2014.07.01"]
[SourceVersion "1"]
[SourceVersionDate "2014.07.01"]
[SourceQuality "1"]

1. e4 e5 2. f4 d5 3. exd5 exf4 4. Nf3 Nf6 5. Bb5+ Bd7 6. Nc3 Bxb5 7. Nxb5 Qe7+ 8. Qe2 Qxe2+ 9. Kxe2 Nxd5 10. c4 a6 11. Nbd4 Nf6 12. Re1 Bd6 13. Nf5 0-0 14. Nxd6 cxd6 15. d3 Re8+ 16. Kf1 Rxe1+ 17. Kxe1 Nh5 18. b3 Nd7 19. Ba3 Re8+ 20. Kd2 d5 21. cxd5 Nhf6 22. d6 Nd5 23. Rc1 f6 24. Nd4 g6 25. Ne2 Ne3 26. Rc7 1-0